Statistics for Nintendo Character Chain

Click here to take the quiz!

General Stats

  • This quiz has been taken 151 times
    (101 since last reset)
  • The average score is 11 of 20

Answer Stats

HintAnswer% Correct
Red PlumberMario
100%
Turtle SoldierKoopa Troopa
84%
Donkey Kong's SidekickDiddy Kong
80%
Titular MonkeyDonkey Kong
80%
Punchout!! ProtagonistLittle Mac
78%
Barking Ball-and-ChainChain Chomp
75%
Link's ArchenemyGanon(dorf)
75%
Adoptive Mother of LumasRosalina
70%
Ocarina of Time FairyNavi
67%
Titular Space ParasiteMetroid
64%
"Show Me Your Moves!"Captain Falcon
62%
Rock Spitting OctopusOctorok
54%
Female Version of Boom BoomPom Pom
47%
Golden Sun ProtagonistIsaac
44%
Turns Pit into a VeggieEggplant Wizard
33%
Final Boss of Kirby's AdventureNightmare
25%
Cackletta's Insane SidekickFawful
23%
Link to the Past Evil WizardAgahnim
19%
Super Punchout Irish BoxerAran Ryan
16%
Corneria Commander-in-ChiefGeneral Pepper
11%

Score Distribution

Percentile by Number Answered

Percent of People with Each Score

Your Score History

You have not taken this quiz since the last reset